000 00507nam a2200217Ia 4500
008 170918s9999 xx 000 0 und d
020 _a9780810988941
050 _bK558d 2008
100 _aKinney, Jeff
245 _aDiary of a wimpy kid :
245 _bRoderick rules /
245 _cby Jeff Kinney.
260 _aUSA :
260 _bAmulet,
260 _c2008
300 _a216 pages :
300 _billustrations ;
300 _c20cm.
300 _eDiary of a wimpy kid.
500 _a910
999 _c344028
_d344028